00347nam a2200145Ia 4500003000400000005001700004008004100021040000700062041001200069082001700081100001900098245002600117260004500143365001300188OSt20250924185804.0210423s1990 xx 000 0 und d cAL aEnglish a303.6 bBETC aAndre Beteille aCaste class and power aNew DelhibOxford University Pressc1990 b395cINR